| 000 | 01345nam a2200277Ia 4500 | ||
|---|---|---|---|
| 999 |
_c36403 _d36403 |
||
| 001 | 2317 | ||
| 003 | GE_BSU | ||
| 005 | 20190529182446.0 | ||
| 008 | 181216s2009||||ge |||||||||||||| ||geo|| | ||
| 020 | _a9789941409202 | ||
| 040 | _cGE_BSU | ||
| 041 | _ageo | ||
| 080 | _a635(035) ლ–81 | ||
| 100 |
_aლომინაძე, შ. _922 |
||
| 245 |
_aბოსტნეული კულტურების წარმოების ტექნოლოგია : _bსახელმძღვ. ცნობარი ფერმერთათვის / _cავტ.: შ. ლომინაძე, ლ. ებრალიძე, ზ. მახარაძე ; რედ. ო. შაინიძე. |
||
| 264 |
_aბათუმი : _bშოთა რუსთაველის სახელმწ. უნ-ტი, _c2009. |
||
| 300 |
_a32 გვ.: _bსურ., ცხრ. ; _c20 სმ. |
||
| 504 | _aბიბლიოგრ.: გვ. 32. | ||
| 541 | _h2 ლ. | ||
| 653 | _aბოსტნეული კულტურები | ||
| 653 | _aცნობარები | ||
| 700 |
_aებრალიძე, ლ. _eავტორი _91797 |
||
| 700 |
_aმახარაძე, ზ _eავტორი _91800 |
||
| 700 |
_aშაინიძე, ო. _eრედაქტორი _91798 |
||
| 942 |
_cBK _2udc |
||